Rangeeth Gayan: Meesacha Ani Yera Igarj Mathecha Rithini (Record no. 227724)
[ view plain ]
| 000 -LEADER | |
|---|---|
| fixed length control field | 01307nam a22002537a 4500 |
| 005 - DATE AND TIME OF LATEST TRANSACTION | |
| control field | 20230703100444.0 |
| 008 - FIXED-LENGTH DATA ELEMENTS--GENERAL INFORMATION | |
| fixed length control field | 230701b ||||| |||| 00| 0 eng d |
| 040 ## - CATALOGING SOURCE | |
| Transcribing agency | AL |
| 041 ## - LANGUAGE CODE | |
| Language code of text/sound track or separate title | Konkani |
| 082 ## - DEWEY DECIMAL CLASSIFICATION NUMBER | |
| Edition number | 23 |
| Classification number | 891.461 |
| Item number | SUAR |
| 100 ## - MAIN ENTRY--PERSONAL NAME | |
| Personal name | J M Suares: ಜೆ ಎಂ ಸುಅರೆಸ್ |
| 100 ## - MAIN ENTRY--PERSONAL NAME | |
| 9 (RLIN) | 125266 |
| 245 ## - TITLE STATEMENT | |
| Title | Rangeeth Gayan: Meesacha Ani Yera Igarj Mathecha Rithini |
| Remainder of title | ರಂಗೀತ್ ಗಾಯಾನ್: ಮೀಸಾಚಾ ಆನಿ ಯೆರಾ ಇಗರ್ಜ್ ಮಾತೆಚಾ ರಿತಿನಿ |
| 250 ## - EDITION STATEMENT | |
| Edition statement | 2 |
| 260 ## - PUBLICATION, DISTRIBUTION, ETC. | |
| Place of publication, distribution, etc. | Mangalore |
| Name of publisher, distributor, etc. | J M Suares |
| Date of publication, distribution, etc. | 1915 |
| 300 ## - PHYSICAL DESCRIPTION | |
| Extent | xxv,212p. |
| Other physical details | PB |
| Dimensions | 17x11cm. |
| 365 ## - TRADE PRICE | |
| Source of price type code | Konkani |
| 520 ## - SUMMARY, ETC. | |
| Summary, etc. | ಮೀಸಾಚಾ ಆನಿ ಯೆರಾ ಇಗರ್ಜ್ ಮಾತೆಚಾ ರಿತಿನಿ ಉಪಯೋಗ್ಸುನ್ಚಿಮ್ ಗಾಯನಾ ಲಾತೆ ಭಾಶೆಚಿಮ್ ಕಾಂದ್ದ್ಯಾ ಅಕ್ಷರಾನಿ ಬೋರಾಯಿಲ್ಲಿಂ |
| 650 ## - SUBJECT ADDED ENTRY--TOPICAL TERM | |
| Topical term or geographic name entry element | Konkani Poetry: ಕೊಂಕಣಿ ಕವಿತಾ |
| 9 (RLIN) | 125216 |
| 650 ## - SUBJECT ADDED ENTRY--TOPICAL TERM | |
| Topical term or geographic name entry element | Manual of Congragetional Singing |
| 9 (RLIN) | 125267 |
| 650 ## - SUBJECT ADDED ENTRY--TOPICAL TERM | |
| Topical term or geographic name entry element | During the liturgical functions |
| 9 (RLIN) | 125268 |
| 650 ## - SUBJECT ADDED ENTRY--TOPICAL TERM | |
| Topical term or geographic name entry element | Konkani Literature: ಕೊಂಕಣಿ ಸಾಹಿತ್ಯ |
| 9 (RLIN) | 125217 |
| 700 ## - ADDED ENTRY--PERSONAL NAME | |
| Personal name | SUARES (J M): ಸುಅರೆಸ್ (ಜೆ ಎಂ) |
| 9 (RLIN) | 125218 |
| 942 ## - ADDED ENTRY ELEMENTS (KOHA) | |
| Source of classification or shelving scheme | Dewey Decimal Classification |
| Koha item type | Donated Books |
| Withdrawn status | Lost status | Source of classification or shelving scheme | Damaged status | Not for loan | Collection code | Home library | Current library | Date acquired | Total Checkouts | Full call number | Barcode | Date last seen | Price effective from | Koha item type |
|---|---|---|---|---|---|---|---|---|---|---|---|---|---|---|
| Dewey Decimal Classification | Rare Book | Konkani | St Aloysius Library | St Aloysius Library | 06/23/2023 | 891.461 SUAR | D06050 | 07/01/2023 | 07/01/2023 | Donated Books |